000 00437nam a22001817a 4500
005 20260602161659.0
008 260602b |||||||| |||| 00| 0 eng d
020 _a9788178807218
_c1395.00
040 _aMAIN
041 _aEnglish
082 _a535
_bKHA
100 _aKhattar, S.N.
_926991
245 _aLight And Optics
260 _aNew Delhi
_bRajat
_c2017
300 _a280
650 _aPhysics (PM USHA)
_926699
942 _cBK
999 _c60964
_d60964